00934nam a2200181 i 4500001000700000003000900007005001700016008004100033100004700074245014800121260010400269300002300373530003500396700002600431700005200457852018200509856006100691178428ES-MaACL20250909174446.0110527q1780 sp |||| | spa d1 aMartínez de Meneses, Antonio, dn. 1608-13aEl arca de Noé b: [comedia famosa] / cde Tres ingenios [Antonio Martínez de Meneses, Pedro Rosete Niño, Jerónimo Cáncer y Velasco]. aBarcelona : bpor Francisco Suriá y Burgada, impresor, A costas de la Comapañía, c[ca. 1780] a[28] p. ; c19 cm. aDisponible en formato digital.1 aRosete Niño, Pedro.1 aCáncer y Velasco, Jerónimo de, d1599?-1655 aES-MaACLjD-1955(6) z. - Legado de M. de la Fuente q- Ejemplar sin port. ni cub. z.- Enc. en un vol. facticio q- Ejemp. guillotinado, afectando a la parte superior del texto uhttp://hdl.handle.net/10651/2613 zUniversidad de Oviedo